Normal view
MARC view
Entry Personal Name
001 - CONTROL NUMBER
- control field: 79420
003 - CONTROL NUMBER IDENTIFIER
- control field: dpl
005 - DATE AND TIME OF LATEST TRANSACTION
- control field: 20250307154919.0
008 - FIXED-LENGTH DATA ELEMENTS
- fixed length control field: 250307|| aca||aabn | a|a d
040 ## - CATALOGING SOURCE
- Original cataloging agency: dpl
- Transcribing agency: dpl
100 ## - HEADING--PERSONAL NAME
- Personal name: Gertz, Sunhee Kim
670 ## - SOURCE DATA FOUND
- Source citation: Work cat.: (dpl)210180: Gertz, Sunhee Kim, Chaucer to Shakespere 1337-1580/, 2001
